گد ستہ مر ا د (Record no. 149084)

MARC details
000 -LEADER
fixed length control field 00707nam a22001937a 4500
005 - DATE AND TIME OF LATEST TRANSACTION
control field 20180111105538.0
010 ## - LCCN (DPL NO)
LC control number UR-10015
020 ## - INTERNATIONAL STANDARD BOOK NUMBER
Terms of availability 200.00
International Standard Book Number -
035 ## - SYSTEM CONTROL NUMBER
System control number U-8570
037 ## - SOURCE OF ACQUISITION
Source of stock number/acquisition DBAD/PUB
100 ## - MAIN ENTRY--PERSONAL NAME
Personal name مر ا د سعید ی
245 ## - TITLE STATEMENT
Title گد ستہ مر ا د
Statement of responsibility, etc مر ا د سعید ی
246 ## - VARYING FORM OF TITLE
Remainder of title Gudasta -e-Murad
Title proper/short title by Murad Sayeedi
260 ## - PUBLICATION, DISTRIBUTION, ETC. (IMPRINT)
Place of publication, distribution, etc Rajisthan
Name of publisher, distributor, etc Fareeduddin Khan,Fahim Uddin Khan
Date of publication, distribution, etc 2016
270 ## - ADDRESS
Address Murad Manzil, Mohallah Rajbun,Tonk,
City Rajisthan
Postal code -
Telephone number 9549080577
Fax number -
300 ## - PHYSICAL DESCRIPTION
Extent 152 ص
Dimensions 22 Cm.(B.b)
500 ## - GENERAL NOTE
General note دو حصہ
942 ## - ADDED ENTRY ELEMENTS (KOHA)
Source of classification or shelving scheme Dewey Decimal Classification
Item type Urdu Bks
Classification part 844
Call number suffix مر ا د

No items available.


© Delhi Public Library
Hit Counter
free hit counter